000 00539nam a2200193 a 4500
001 1767414372659
003 YourLibrary
005 20260103103042.0
008 260103s2010##################000#0#eng##
020 _a9780521886079
082 0 4 _a297.63
_bBRO
100 1 _aBrockopp, Jonathan E.,
_eauthor.
245 1 0 _aThe Cambridge Companion to Muhammad :
260 _bCambridge University Press,
_c2010.
300 _a345 pages
650 0 _aBiography & Autobiography.
942 _cENGLISH
040 _aYourLibrary
_beng
_cYourLibrary
999 _c607034
_d607034